Statistiques concernant Les Contes célèbres 1

Cliquez ici pour prendre le quiz!

Statistiques générales

  • Ce quiz a été pris 255 fois
  • Le résultat moyen est 21 sur 22

Statistiques - réponses

HintRéponse% Correct
La Belle et la ***Bête
99%
Hansel et ***Gretel
98%
Blanche-***Neige
98%
La *** au bois dormantBelle
97%
Robin des ***bois
97%
Les trois petits ***cochons
97%
Aladin ou la *** merveilleuselampe
97%
Le magicien d'***Oz
97%
Cendrillon ou la petite *** de verrePantoufle
97%
Alice au *** des merveillespays
97%
La petite ***Sirène
97%
Ali Baba et les *** voleurs40
96%
Le petit *** rougechaperon
96%
Les voyages de ***Gulliver
96%
Les *** de Pinocchioaventures
95%
L'habit *** de l'empereurneuf
94%
La petite fille aux ***allumettes
90%
L'*** d'orOie
90%
Le petit ***soldat
90%
Les *** de Brêmemusiciens
89%
Le *** et les sept cabrisloup
85%
Le chat botté ou le *** chatmaître
82%

Distribution des résultats

Percentile par nombre de réponses

% des personnes avec chaque résultat

Votre développement - résultats

Vous n’avez pas pris ce quiz